000 00590nam a2200193 i 4500
001 bgj
100 1 _aHOLDERNESS, Jackie
245 1 0 _aCool! :
_bcourse book /
_cJackie Holderness, Stella Maidment.
260 _aOxford :
_bOxford University Press,
_c1998.
300 _a95 pp :
_bill. ;
_c30 cm.
650 9 _aEnglish language
_xStudy and teaching |(Primary)
_xTextbooks for foreign speakers
700 1 _aMAIDMENT, Stella.
_eco-author
020 _a019432026X
040 _cBPK
041 0 _aeng
920 _a0-19-432026-X
942 _cKS
008 s uk f |000 0 eng
999 _c48594
_d48594
856 _uhttp://koha.tu.koszalin.pl/cgi-bin/koha/opac-detail.pl?biblionumber=48594
_yKatalog online BPK